000
00242nam a22001097a 4500
999
_c
260724
_d
260723
020
_a
9780545665384
100
_a
Bruce Hale
245
_a
Big Bad- Detective Agency
260
_a
New York
_b
Scholastic
_c
2015
300
_a
120 pgs
942
_c
BK